header

China's rural economy after WTO (Record no. 126153)

MARC details
000 -LEADER
fixed length control field 01884nam a22004334a 4500
082 04 - DEWEY DECIMAL CLASSIFICATION NUMBER
Classification number 330.951009173/4
245 00 - TITLE STATEMENT
Title China's rural economy after WTO
260 ## - PUBLICATION, DISTRIBUTION, ETC. (IMPRINT)
Place of publication Aldershot, England ;
-- Burlington, VT :
Name of publisher Ashgate Pub.,
Year of publication c2006.
300 ## - PHYSICAL DESCRIPTION
Number of Pages xiv, 367 p. :
Other physical details ill.
490 1# - SERIES STATEMENT
Series statement The Chinese economy series
500 ## - GENERAL NOTE
General note Selections from papers presented at the international symposium on "China's Rural Economy: Problems and Strategies," organized by the Chinese Economists Society in Hangzhou, China on June 25-27, 2004.
650 #0 - SUBJECT ADDED ENTRY--TOPICAL TERM
Topical Term Agriculture and state
Topical Term Rural development
Topical Term Rural-urban migration
Topical Term Rural women
700 1# - ADDED ENTRY--PERSONAL NAME
Personal name Chen, Aimin.
Personal name Song, Shunfeng.
856 40 - ELECTRONIC LOCATION AND ACCESS
Uniform Resource Identifier http://site.ebrary.com/lib/rucke/Doc?id=10211384

No items available.

© 2026 Rongo University
Contact us: librarian | system librarian | Rongo university